000 00546nam a2200193Ia 4500
003 IN-BaIIA
008 211028s9999 xx 000 0 eng d
020 _a0-460-04286-6
040 _cIIA Library
080 _a524.83
_bDAV
100 _aDavies, Paul
_910826
245 4 _aThe runaway universe
_cPaul Davies
260 _aLondon
_bJ. M. Dent & Sons
_c1978
300 _a205p.
650 _aAstronomy and astrophysics thesaurus
650 _aCosmology
650 _aUniverse
_91987
942 _cBK
999 _c6310
_d6310